部首为忄的常见中文汉字 Common Chinese characters with the radical “Heart” - Statistics

General Stats
  • This quiz has been taken 27 times
    26 since last reset
  • The average score is 52 of 135
Answer Stats
拼音首字母 笔画数 汉字 % Correct
q 11
92%
j 11
71%
l 8
71%
p 8
71%
y 8
71%
y 10
71%
h 7 怀
67%
y 4
67%
f 12
63%
h 10
63%
k 7
63%
x 11
63%
c 11
58%
j 11
58%
m 10
58%
t 9
58%
y 7
58%
y 12
58%
c 7
54%
ɡ 8
54%
h 9
54%
k 12
54%
m 14
54%
q 8
54%
x 8
54%
c 7
50%
c 11
50%
h 12
50%
m 6
50%
n 9
50%
w 10
50%
a 15
46%
c 6
46%
c 6
46%
c 11
46%
c 11
46%
c 15
46%
d 8
46%
d 11
46%
d 12
46%
d 15
46%
h 8
46%
h 9
46%
h 9
46%
j 15
46%
l 16
46%
o 7
46%
p 8
46%
q 15
46%
w 11
46%
c 7
42%
c 8
42%
c 9
42%
d 9
42%
d 11
42%
e 12
42%
h 12
42%
j 11
42%
k 9
42%
k 9
42%
k 14
42%
n 17
42%
q 9
42%
s 7
42%
s 13
42%
t 10
42%
t 11
42%
w 11
42%
x 7
42%
y 8
42%
z 8
42%
z 12
42%
b 8
38%
b 10
38%
c 7
38%
h 9
38%
k 7
38%
k 12
38%
q 10
38%
s 9
38%
t 9
38%
w 7
38%
w 7
38%
x 9
38%
x 12
38%
x 16
38%
y 8
38%
y 12
38%
z 8
38%
ɡ 11
33%
h 11
33%
h 16
33%
q 10
33%
s 13
33%
w 11
33%
x 9
33%
b 12
29%
c 11
29%
d 11
29%
h 10
29%
q 10
29%
s 10
29%
x 11
29%
y 9
29%
y 9
29%
d 11
25%
k 10
25%
k 10
25%
l 12
25%
m 18
25%
s 13
25%
z 7
25%
b 7
21%
c 8
21%
f 8
21%
f 11
21%
k 12
21%
q 11
21%
y 14
21%
z 15
21%
n 8
17%
q 12
17%
q 13
17%
b 12
13%
c 16
13%
d 5
13%
n 7
13%
b 12
4%
c 15
4%
c 16
4%
l 16
4%
t 13
4%
y 10
4%
c 14
0%
c 17
0%
No matching quizzes found
Score Distribution
Percent of People with Each Score
Percentile by Number Answered
Your Score History
You have not taken this quiz since the last reset